000 00632nam a2200181Ia 4500
008 100920s9999 xx 000 0 und d
082 _b9024
_a891.43 0
100 _aभोक्ता दशरत.
245 _aकलापूर्ण एकांकी.
260 _bराजपाल एण्ड सन्स ,कश्मीरी गेट, दिल्ली.
_c0
300 _a213
_bसाधी
365 _b3.5
520 _aहिंदी.
630 _aकलापूर्ण एकांकी.
650 _aहिंदी.
730 _aकलापूर्ण एकांकी.
942 _cBOOK
999 _c676166
_d676163